000 00459nam a2200193 a 4500
001 11093
003 CO-ViMGA
008 141112s2004 ck r 000 u spa d
020 _a8401423635
040 _aCO-ViMGA
_bspa
_cCO-ViMGA
082 0 4 _aCh 863.6 A55p
100 1 _aAllende, Isabel
_915367
245 1 0 _aPaula
250 _a6
260 _aBarcelona,
_cPlaza y Janes,
_c1998
300 _a433 p.
650 1 4 _aNOVELA CHILENA
_915368
942 _2ddc
_cBK
999 _c22307
_d22307